000 00269nam a22001217a 4500
082 _a920
_bMEN/A
100 _aMENON A.K
245 _aBIOGRAPHY OF DR.B.R AMBEDKAR
260 _aMEERUT
_bVARUN PUBLISHING HOUSE
300 _a96
650 _aBIOGRAPHY
_zINDIA
942 _cBK
999 _c5788
_d5788